000 01326nam a2200241Ia 4500
003 Ost
005 20260507074923.0
008 260507s9999||||xx |||||||||||||| ||und||
040 _cfsecg
041 _aara
082 _a658.3
100 _aأحمد، محمد سمير
_eمؤلف
245 0 _aالادارة الاستراتيجية و تنمية الموارد البشرية /
_c محمد سمير أحمد
260 _aعمان:
_bدار المسيرة للنشر و التوزيع,
_c2009
300 _a344 صفحة؛
_bإيضاحات ؛
_c24 سم
504 _aببليوغرافيا: ص.332
520 _aالإدارة الاستراتيجية، تنمية الموارد البشرية، الانتاجية في الموارد البشرية، التخطيط الاستراتيجي للتسويق الالكتروني، التسويق الالكتروني من منظور المدخل السبراني، التسويق الالكتروني من منظور المدخل التحويلي، التسويق الالكتروني من منظور المدخل المنظومي، أثر التسويق الالكتروني على القدرة التنافسية
653 _aالادارة
653 _aالاستراتيجية
653 _aالانتاج
653 _aالمراقبة
942 _cكتاب
999 _c41811
_d41811